00642 2200217 4500001002100000005001500021035002000036007000300056008004100059020002200100082001900122084002500141100001800166245008700184250001100271260003900282300004000321650002900361650002400390990001000414INLIS00000000001425620260416101719 a0010-0426000091ta260416 0 ind  a978-623-8440-46-7 a297.095 984762 a297.095 984762 FAD s0 aFadly Ibrahim1 aSerpihan Jejak Ulama Pompanua :bMenyelami Dakwah Islam Nusantara /cFadly Ibrahim aCet. 1 aMalang :bLitera Media Tama,c2024 axxii + 301 hlm. :bIlus. ;c24,5 cm 4aBone -- Penyebaran Islam 4aKoleksi Karya Lokal a21839